[Event "GER-ch50 V07 email"]
[Site "GER email"]
[Date "2018.05.15"]
[Round "?"]
[White "Gnilka, Thomas Aloysius"]
[Black "Tornow, Michael"]
[Result "1/2-1/2"]
[WhiteElo "2350"]
[BlackElo "2329"]
[PlyCount "30"]
[EventDate "2018.??.??"]
[EventType "tourn (corr)"]
[EventRounds "10"]
[EventCountry "GER"]
[SourceTitle "Corr 2020"]
[Source "ChessBase"]
[SourceDate "2019.09.30"]
[SourceVersion "1"]
[SourceVersionDate "2019.09.30"]
[SourceQuality "1"]

1. e4 e5 2. Nf3 Nc6 3. Bb5 Nf6 4. d3 Bc5 5. c3 0-0 6. 0-0 d6 7. Re1 Bb6 8. Bg5 h6 9. Be3 a6 10. Bxc6 bxc6 11. Nbd2 Re8 12. Qc2 a5 13. d4 a4 14. h3 Qe7 15. Rad1 Nd7 1/2-1/2